Working at height in the residential sector (Record no. 78615)

MARC details
000 -LEADER
fixed length control field 00901cab a22002055a 4500
001 - CONTROL NUMBER
control field L137465
008 - FIXED-LENGTH DATA ELEMENTS--GENERAL INFORMATION
fixed length control field 070410s2006 xxk f 000 0 eng d
035 ## - SYSTEM CONTROL NUMBER
System control number (Sirsi) u137465
041 0# - LANGUAGE CODE
Language code of text/sound track or separate title eng
100 1# - MAIN ENTRY--PERSONAL NAME
Personal name Foster, David
245 00 - TITLE STATEMENT
Title Working at height in the residential sector
260 ## - PUBLICATION, DISTRIBUTION, ETC.
Date of publication, distribution, etc. 2006
490 ## - SERIES STATEMENT
Series statement News on the Block
Volume/sequential designation (31) 2006, 19(1)
520 ## - SUMMARY, ETC.
Summary, etc. Lists responsibilities under the new Work at Height Regulations 2005 and explains how these will affect managing agents and all those working in the residential sector. States that falling from height is the single biggest cause of death in the workplace and that ignorance is no excuse for accidents which occur in your area of responsibility.
590 ## - LOCAL NOTE (RLIN)
Local note KA
650 24 - SUBJECT ADDED ENTRY--TOPICAL TERM
Topical term or geographic name entry element WORK AT HEIGHT REGULATIONS 2005
651 #4 - SUBJECT ADDED ENTRY--GEOGRAPHIC NAME
Geographic name United Kingdom
Chronological subdivision
690 ## - LOCAL SUBJECT ADDED ENTRY--TOPICAL TERM (OCLC, RLIN)
Topical term or geographic name as entry element MANAGEMENT-HEALTH AND SAFETY-HEALTH AND SAFETY RISK MANAGEMENT
942 ## - ADDED ENTRY ELEMENTS (KOHA)
Suppress in OPAC 0
Holdings
Withdrawn status Lost status Source of classification or shelving scheme Damaged status Not for loan Home library Current library Shelving location Date acquired Total Checkouts Full call number Barcode Date last seen Copy number Price effective from Koha item type
    Dewey Decimal Classification     London London Journal article 10/04/2007   L137465 137465-1001 06/08/2019 1 06/08/2019 Journal article